Quantitative approaches to management

Αποθηκεύτηκε σε:
Λεπτομέρειες βιβλιογραφικής εγγραφής
Κύριος συγγραφέας: Levin, Richard I.
Άλλοι συγγραφείς: Kirkpatrick, Charles Atkinson, Rubin, David S.
Μορφή: Βιβλίο
Γλώσσα:English
Δημοσίευση: New York : McGraw-Hill, c1982
Έκδοση:5th ed.
Θέματα:
Ετικέτες: Προσθήκη ετικέτας
Δεν υπάρχουν, Καταχωρήστε ετικέτα πρώτοι!

MARC

LEADER 00000cam a2200000 i 4500
001 1/48519
008 950125s1982 eng d
020 |a 0070374368 
035 |l 10026683 
040 |a GR-MY-UA  |b gre  |e aacr 
041 0 |a eng 
082 0 |a 658.4033  |2 (19) 
100 1 |a Levin, Richard I. 
245 1 0 |a Quantitative approaches to management /  |c Richard I. Levin, Charles A. Kirkpatrick, David S. Rubin 
250 |a 5th ed. 
260 |a New York :   |b McGraw-Hill,   |c c1982 
300 |a xix, 763 σ.;  |b εικ.;  |c 24 εκ. 
504 |a Περιλαμβάνει βιβλιογραφία και ευρετήριο 
650 0 0 |a Operations research. 
700 1 |a Kirkpatrick, Charles Atkinson. 
700 1 |a Rubin, David S. 
852 |a INST  |b CHIOS  |e 19960315  |h 658.4033 LEV  |p 005200003325  |q 005200003325  |t BK  |y 0 
852 |a INST  |b CHIOS  |e 19950125  |h 658.4033 LEV  |p 005200004415  |q 005200004415  |t BK  |y 0 
909 |a Χ  |b 031140 
909 |a Χ  |b 000031